|
|
|
|
| LEADER |
00000cam a2200000 a 4500 |
| 001 |
vtls001120588 |
| 003 |
SK-MaSNL |
| 005 |
20260301062742.0 |
| 008 |
250414s1987 xo a gr 00001 slo |
| 015 |
|
|
|a SNBA1987/10
|
| 020 |
|
|
|q (viaz.)
|
| 035 |
|
|
|a SNK000063431
|
| 040 |
|
|
|a SNK
|b slo
|c SNK
|e AACR2
|
| 041 |
0 |
|
|a slo
|
| 044 |
|
|
|a xo
|c SK
|
| 072 |
|
7 |
|a 82-1/-8
|x Literatúra rôznych foriem a žánrov (o nej)
|2 konspekt
|
| 080 |
|
|
|a 885.4-1
|2 1981
|
| 080 |
|
|
|a 784.66
|2 1981
|
| 080 |
|
|
|a 821.162.4-1
|2 2011
|
| 080 |
|
|
|a (0:82-192)
|2 2011
|
| 100 |
1 |
|
|a Filan, Boris,
|d 1949-
|4 aut
|9 92607
|
| 245 |
1 |
0 |
|a Túlavý psík
|c Boris Filan ; ilustroval Vladislav Rostoka ; doslov napísal Július Kinček
|
| 250 |
|
|
|a 1. vyd.
|
| 260 |
|
|
|a Bratislava
|b Opus
|c 1987
|
| 300 |
|
|
|a 103 s.
|c 19 cm
|
| 366 |
|
|
|e 5000 výtl.
|
| 490 |
1 |
|
|a Texty
|
| 500 |
|
|
|a Rozlož. tit. list , Ilustr. na front.
|
| 655 |
|
7 |
|a piesňové texty
|2 SNKPH
|9 70532
|
| 700 |
1 |
|
|a Kinček, Július,
|d 1957-
|4 aft
|9 191941
|
| 700 |
1 |
|
|a Rostoka, Vladislav,
|d 1948-
|4 ill
|9 220020
|
| 830 |
|
0 |
|a Texty
|9 377504
|
| 852 |
|
|
|a Slovenská národná knižnica
|
| 954 |
|
|
|a beletria pôvodná (slovenská)
|2 lita
|
| 958 |
|
|
|a OND
|
| 958 |
|
|
|a LX
|
| 958 |
|
|
|a TL
|
| 999 |
|
|
|c 621752
|d 623682
|
| 952 |
|
|
|t P60, <05>, [BOOK], {605}
|a SNK
|b SNK
|y PREZ
|7 0
|p 17A0170521
|o snkSD 59558 D1
|0 0
|1 0
|4 0
|d 1998-12-02
|l 0
|r 2004-12-31 00:00:00
|w 2026-02-23
|
| 952 |
|
|
|a SNKLM
|b SNKLM
|y NEVYP
|7 0
|o snklmKK 670
|i snklm570/2001
|8 7
|0 0
|1 0
|4 0
|d 2006-04-21
|l 0
|r 2026-02-23 16:58:36
|w 2026-02-23
|